| 000 | 00825nam a2200205 a 4500 | ||
|---|---|---|---|
| 001 | 4214400000020307 | ||
| 005 | 20180118194559.0 | ||
| 008 | 0723s2006----xr ---------u-------cze-d | ||
| 020 |
_a80-86969-11-8 : _c238.00 Kč |
||
| 040 |
_aabg508 _eAACR2 _91 _bcze |
||
| 100 | 1 |
_aNahrang, Frauke _4aut |
|
| 245 | 1 | 0 |
_aModrožlutí ďáblové : _bSnad nejtěžší sezona v životě. _n2. / _cFrauke Nahrang ; ilustrace Betina Gotzen-Beeková ; z originálu přeložil Michal Jiříček |
| 260 |
_aPraha : _bThovt, _c2006 |
||
| 300 | _a114 s., ilustr. | ||
| 500 | _aOd 9 let | ||
| 653 |
_afotbal _arodina _apřátelé _adobrodružný příběh |
||
| 700 | 1 |
_aGotzen-Beek, Betina, _d1965- _4ill |
|
| 700 | 1 |
_aJiříček, Michal _4trl |
|
| 910 | _aabg508 | ||
| 980 |
_gM 2/3 _d20080723 _t8 _iKalen-knihkupectví Roztoky _j29/2008 _h238.00 _a214.20 _1421440044741 _nK _zVO |
||
| 999 |
_c10713 _d10713 |
||